000 00771nam a22002057a 4500
999 _c532847
_d532847
003 NUST
005 20191204095429.0
008 191204b ||||| |||| 00| 0 eng d
038 _aIESE
082 _a628
_bABI
100 _aAbid,Syed Muhammad
_926461
245 _aSocio-economic and environmental dynamics associated with karez system in Quetta valley.
_cSyed Muhammad Abid
260 _aIslamabad
_bIESE (SCEE) NUST
_c2019
300 _a87p.
_bH.B
440 _aMS Environmental Engineering
_91549
500 _aThesis MS EE
650 _aEnvironmental Engineering
_91550
700 _4Dr. M Anwar Baig (Supervisor)
942 _2ddc
_cTHE
_kIESE